[Event "CHN Nat Games qual (Women) 15th"]
[Site "Huairou District"]
[Date "2025.06.12"]
[Round "5"]
[White "Song, Yuxin"]
[Black "Lei, Tingjie"]
[Result "1/2-1/2"]
[WhiteElo "2410"]
[BlackElo "2552"]
[PlyCount "64"]
[EventDate "2025.06.11"]
[EventType "swiss (rapid)"]
[EventRounds "9"]
[EventCountry "CHN"]
[SourceTitle "CB25_2025"]
[SourceDate "2025.06.18"]
[SourceVersion "1"]
[SourceVersionDate "2025.06.18"]
[SourceQuality "1"]

1. e4 e5 2. Nf3 Nc6 3. Bb5 Nf6 4. 0-0 Nxe4 5. Re1 Nd6 6. Nxe5 Be7 7. Bf1 Nxe5 8. Rxe5 0-0 9. d4 Bf6 10. Re1 Nf5 11. c3 d5 12. Bd3 Re8 13. Bf4 Rxe1+ 14. Qxe1 c6 15. Nd2 g6 16. Qe2 Ng7 17. Re1 Bf5 18. Bxf5 Nxf5 19. Nf3 Nd6 20. Be5 Ne4 21. Bxf6 Qxf6 22. Nd2 Re8 23. Nxe4 Rxe4 24. Qd1 Rxe1+ 25. Qxe1 Kf8 26. Kf1 Qf5 27. Qd1 Kg7 28. f3 Kf8 29. Kf2 Kg7 30. Kf1 Kf8 31. Kf2 Kg7 32. Kf1 Kf8 1/2-1/2

[Event "Asia-ch (Women) Blitz"]
[Site "Al Ain"]
[Date "2025.05.10"]
[Round "7"]
[White "Mungunzul, Bat Erdene"]
[Black "Song, Yuxin"]
[Result "0-1"]
[WhiteElo "2302"]
[BlackElo "2397"]
[PlyCount "78"]
[EventDate "2025.05.10"]
[EventType "swiss (blitz)"]
[EventRounds "9"]
[EventCountry "UAE"]
[SourceTitle "CB20_2025"]
[SourceDate "2025.05.14"]
[SourceVersion "1"]
[SourceVersionDate "2025.05.14"]
[SourceQuality "1"]

1. d4 g6 2. c4 Bg7 3. e4 d6 4. Nc3 c5 5. d5 Bxc3+ 6. bxc3 e5 7. dxe6 Bxe6 8. Nf3 Nc6 9. Ng5 Qe7 10. Be2 Nf6 11. 0-0 Ne5 12. f4 Nc6 13. f5 Bd7 14. Bf4 Ne5 15. Nf3 Nxe4 16. fxg6 Nxc3 17. Qd2 Nxe2+ 18. Qxe2 Nxg6 19. Qd2 Nxf4 20. Qxf4 0-0-0 21. Ng5 Be6 22. Rae1 h6 23. Ne4 Qc7 24. Nf6 Qc6 25. Rd1 Qa6 26. Ne4 d5 27. cxd5 Rxd5 28. Rxd5 Bxd5 29. Nxc5 Qb6 30. Rc1 Rd8 31. Kh1 Bc6 32. Nb3 Qc7 33. Qxh6 Rg8 34. Rg1 Qd7 35. Qe3 Kb8 36. Nd4 Bd5 37. a3 Ka8 38. h3 Re8 39. Qf2 Qxh3# 0-1

[Event "Asia-ch (Women) Blitz"]
[Site "Al Ain"]
[Date "2025.05.10"]
[Round "2"]
[White "Song, Yuxin"]
[Black "Gong, Qianyun"]
[Result "1-0"]
[WhiteElo "2397"]
[BlackElo "2265"]
[PlyCount "105"]
[EventDate "2025.05.10"]
[EventType "swiss (blitz)"]
[EventRounds "9"]
[EventCountry "UAE"]
[SourceTitle "CB20_2025"]
[SourceDate "2025.05.14"]
[SourceVersion "1"]
[SourceVersionDate "2025.05.14"]
[SourceQuality "1"]

1. e4 e6 2. Qe2 c5 3. g3 Nc6 4. Bg2 g6 5. c3 Bg7 6. Nf3 Nge7 7. d3 d6 8. h4 h6 9. h5 g5 10. Nbd2 e5 11. Nc4 Be6 12. Ne3 Qd7 13. Nd2 0-0-0 14. a4 Kb8 15. a5 f5 16. exf5 Nxf5 17. a6 Nxe3 18. Qxe3 b6 19. Nc4 d5 20. Na3 Rhf8 21. Bd2 e4 22. dxe4 d4 23. Qe2 Be5 24. 0-0 Bg4 25. Qb5 Bxh5 26. Nc4 Bc7 27. b4 Ne5 28. Qxd7 Nxd7 29. cxd4 cxd4 30. Rac1 Ne5 31. Nxe5 Bxe5 32. f4 gxf4 33. gxf4 Bc7 34. e5 Rg8 35. Kf2 Rdf8 36. Rh1 Bf7 37. Bf3 h5 38. Rh3 Be6 39. Rxh5 Bg4 40. Bxg4 Rxg4 41. Rg1 Rxg1 42. Kxg1 b5 43. Kf2 Bb6 44. Kf3 Rc8 45. e6 Re8 46. f5 Kc7 47. Bf4+ Kc6 48. Ke4 Rd8 49. Rh1 d3 50. Rc1+ Bc5 51. Rxc5+ Kb6 52. Bc7+ Kxa6 53. Bxd8 1-0

[Event "Menorca op-A 4th"]
[Site "Ciutadella"]
[Date "2025.04.24"]
[Round "4"]
[White "Balakrishnan, Praveen"]
[Black "Song, Yuxin"]
[Result "1/2-1/2"]
[WhiteElo "2489"]
[BlackElo "2371"]
[PlyCount "70"]
[EventDate "2025.04.22"]
[EventType "swiss"]
[EventRounds "9"]
[EventCountry "ESP"]
[SourceTitle "CB18_2025"]
[SourceDate "2025.04.30"]
[SourceVersion "1"]
[SourceVersionDate "2025.04.30"]
[SourceQuality "1"]

1. d4 Nf6 2. c4 e6 3. Nf3 d5 4. Nc3 c5 5. cxd5 cxd4 6. Qxd4 exd5 7. Bg5 Be7 8. e3 0-0 9. Be2 h6 10. Bh4 Nc6 11. Qd3 Qb6 12. 0-0 Rd8 13. Rfd1 Qxb2 14. Rab1 Qa3 15. Bxf6 Bxf6 16. Nxd5 Qxd3 17. Nxf6+ gxf6 18. Rxd3 Bf5 19. Rxd8+ Nxd8 20. Rb2 Rc8 21. h3 Rc1+ 22. Kh2 Rb1 23. Rxb1 Bxb1 24. a3 Kg7 25. Kg3 f5 26. Nd4 Kf6 27. Kh4 Kg6 28. Bh5+ Kf6 29. Be2 Kg6 30. Nb5 a6 31. Nc3 Bc2 32. Nd5 Ne6 33. Nb6 Nc5 34. Bh5+ Kg7 35. Bf3 Be4 1/2-1/2

[Event "Plzen GM 13th"]
[Site "Plzen"]
[Date "2025.03.18"]
[Round "4"]
[White "Song, Yuxin"]
[Black "Petr, Martin"]
[Result "1/2-1/2"]
[WhiteElo "2367"]
[BlackElo "2474"]
[PlyCount "25"]
[EventDate "2025.03.15"]
[EventType "tourn"]
[EventRounds "9"]
[EventCountry "CZE"]
[EventCategory "6"]
[SourceTitle "CB13_2025"]
[SourceDate "2025.03.26"]
[SourceVersion "1"]
[SourceVersionDate "2025.03.26"]
[SourceQuality "1"]

1. e4 e6 2. d4 d5 3. Nc3 Nf6 4. Bg5 dxe4 5. Nxe4 Be7 6. Nxf6+ Bxf6 7. Bxf6 Qxf6 8. Nf3 Nc6 9. Bb5 Bd7 10. 0-0 0-0 11. Ne5 Rfd8 12. Nxd7 Rxd7 13. c3 1/2-1/2

[Event "Plzen GM 13th"]
[Site "Plzen"]
[Date "2025.03.16"]
[Round "2"]
[White "Song, Yuxin"]
[Black "Krishna, C Revanth Gopala"]
[Result "1/2-1/2"]
[WhiteElo "2367"]
[BlackElo "2418"]
[PlyCount "60"]
[EventDate "2025.03.15"]
[EventType "tourn"]
[EventRounds "9"]
[EventCountry "CZE"]
[EventCategory "6"]
[SourceTitle "CB13_2025"]
[SourceDate "2025.03.26"]
[SourceVersion "1"]
[SourceVersionDate "2025.03.26"]
[SourceQuality "1"]

1. e4 e6 2. d4 d5 3. e5 c5 4. c3 Ne7 5. Nf3 Nec6 6. Bd3 b6 7. 0-0 Ba6 8. Bxa6 Nxa6 9. Ne1 Rc8 10. Be3 Qd7 11. Nd2 Na5 12. b3 cxd4 13. cxd4 Ba3 14. Qg4 0-0 15. Nd3 Nb4 16. Nf4 f5 17. exf6 Rxf6 18. Nf3 Nac6 19. Rad1 Nc2 20. Nd3 Rcf8 21. Nfe5 Nxe5 22. Nxe5 Qc7 23. Qe2 Bd6 24. Rc1 Rc8 25. Bg5 Rff8 26. Nf3 Rfe8 27. g3 Ba3 28. Rcd1 Bd6 29. Rc1 Ba3 30. Rcd1 Bd6 1/2-1/2

[Event "Hillerod Skov Memorial"]
[Site "Hillerod"]
[Date "2025.02.14"]
[Round "8"]
[White "Olsen, Filip Boe"]
[Black "Song, Yuxin"]
[Result "1/2-1/2"]
[WhiteElo "2472"]
[BlackElo "2381"]
[PlyCount "60"]
[EventDate "2025.02.08"]
[EventType "tourn"]
[EventRounds "9"]
[EventCountry "DEN"]
[EventCategory "8"]
[SourceTitle "CB08_2025"]
[SourceDate "2025.02.19"]
[SourceVersion "1"]
[SourceVersionDate "2025.02.19"]
[SourceQuality "1"]

1. c4 Nf6 2. g3 e6 3. Bg2 d5 4. Nf3 d4 5. 0-0 Nc6 6. d3 Be7 7. e3 dxe3 8. Bxe3 e5 9. Nc3 0-0 10. a3 a5 11. Qe2 Re8 12. Nb5 Bf5 13. Rad1 Qc8 14. Ng5 Ng4 15. Ne4 Qd7 16. Bc5 Nd4 17. Nxd4 exd4 18. Bxe7 Rxe7 19. h3 Ne5 20. g4 Bxe4 21. Bxe4 Rae8 22. f3 g6 23. Qg2 Kh8 24. g5 Qd6 25. b4 axb4 26. axb4 Qxb4 27. Rb1 Qc3 28. Qb2 Qxb2 29. Rxb2 b6 30. Rb5 Nd7 1/2-1/2

[Event "Hillerod Skov Memorial"]
[Site "Hillerod"]
[Date "2025.02.12"]
[Round "6"]
[White "Karacsonyi, Gellert"]
[Black "Song, Yuxin"]
[Result "1-0"]
[WhiteElo "2368"]
[BlackElo "2381"]
[PlyCount "129"]
[EventDate "2025.02.08"]
[EventType "tourn"]
[EventRounds "9"]
[EventCountry "DEN"]
[EventCategory "8"]
[SourceTitle "CB08_2025"]
[SourceDate "2025.02.19"]
[SourceVersion "1"]
[SourceVersionDate "2025.02.19"]
[SourceQuality "1"]

1. e4 c5 2. Nf3 d6 3. d4 cxd4 4. Nxd4 Nf6 5. Nc3 a6 6. Bg5 e6 7. f4 Qb6 8. Qd2 Qxb2 9. Rb1 Qa3 10. f5 Be7 11. fxe6 Bxe6 12. Nxe6 fxe6 13. Bc4 Nbd7 14. Bxe6 Nc5 15. Bf5 g6 16. Bh3 Nfxe4 17. Nxe4 Nxe4 18. Qd4 Qc3+ 19. Qxc3 Nxc3 20. Bxe7 Kxe7 21. Rxb7+ Kf6 22. Rf1+ Kg5 23. Kd2 Ne4+ 24. Kc1 h5 25. Re1 Rhe8 26. Bd7 Re5 27. Bc6 Nf2 28. Rxe5+ dxe5 29. h4+ Kh6 30. Rf7 Rc8 31. Bb7 Rb8 32. Bxa6 Ne4 33. Re7 Nc3 34. Rxe5 Nxa2+ 35. Kd2 Rd8+ 36. Bd3 Nb4 37. Kc3 Nxd3 38. cxd3 Kg7 39. d4 Kf6 40. Rg5 Ra8 41. Kb4 Ra2 42. Kc5 Ra5+ 43. Kc6 Ra4 44. Kd5 Ra1 45. g3 Ra5+ 46. Kc6 Ra6+ 47. Kb5 Rd6 48. Kc5 Ra6 49. d5 Ke7 50. Re5+ Kd7 51. Re3 Ra4 52. Rb3 Rg4 53. d6 g5 54. Rb7+ Ke8 55. Kc6 Rxg3 56. hxg5 h4 57. g6 Rc3+ 58. Kd5 Rd3+ 59. Ke5 Re3+ 60. Kf4 Rg3 61. g7 Rg1 62. g8Q+ Rxg8 63. Rb8+ Kf7 64. Rxg8 Kxg8 65. d7 1-0

[Event "Hillerod Skov Memorial"]
[Site "Hillerod"]
[Date "2025.02.09"]
[Round "2"]
[White "Hector, Jonny"]
[Black "Song, Yuxin"]
[Result "1-0"]
[WhiteElo "2445"]
[BlackElo "2381"]
[PlyCount "45"]
[EventDate "2025.02.08"]
[EventType "tourn"]
[EventRounds "9"]
[EventCountry "DEN"]
[EventCategory "8"]
[SourceTitle "CB08_2025"]
[SourceDate "2025.02.19"]
[SourceVersion "1"]
[SourceVersionDate "2025.02.19"]
[SourceQuality "1"]

1. e4 c5 2. Nf3 d6 3. d4 cxd4 4. Nxd4 Nf6 5. Nc3 a6 6. Bg5 e6 7. f4 Qb6 8. Qd2 Qxb2 9. Rb1 Qa3 10. Be2 Nbd7 11. 0-0 Be7 12. f5 e5 13. Ne6 fxe6 14. fxe6 Nf8 15. Bxf6 Bxf6 16. Rxf6 gxf6 17. Bh5+ Ng6 18. Qh6 Bxe6 19. Bxg6+ Kd8 20. Bf5 b5 21. Bxe6 Qxc3 22. Qg7 Qe3+ 23. Kh1 1-0

[Event "Seville op 50th"]
[Site "Seville"]
[Date "2025.01.12"]
[Round "3"]
[White "Fondrat, Johan"]
[Black "Song, Yuxin"]
[Result "0-1"]
[WhiteElo "2078"]
[BlackElo "2384"]
[PlyCount "96"]
[EventDate "2025.01.10"]
[EventType "swiss"]
[EventRounds "9"]
[EventCountry "ESP"]
[SourceTitle "CB04_2025"]
[SourceDate "2025.01.22"]
[SourceVersion "1"]
[SourceVersionDate "2025.01.22"]
[SourceQuality "1"]

1. e4 c5 2. Nf3 d6 3. Bb5+ Nd7 4. d4 Ngf6 5. e5 Qa5+ 6. Nc3 Ne4 7. Qd3 cxd4 8. e6 dxc3 9. Bxd7+ Bxd7 10. exd7+ Kxd7 11. 0-0 f5 12. bxc3 g6 13. Rb1 Rb8 14. Rb5 Qc7 15. Bf4 Bg7 16. c4 a6 17. Rb4 Rhc8 18. Rfb1 a5 19. Rb5 Qxc4 20. Rxb7+ Rxb7 21. Rxb7+ Kd8 22. Ng5 Qxa2 23. g3 Nc5 24. Qb5 Nxb7 25. Qxb7 h6 26. Bxd6 Qa1+ 27. Kg2 Qf6 28. Bxe7+ Qxe7 29. Nf7+ Ke8 30. Qxc8+ Kxf7 31. Qc4+ Qe6 32. Qc7+ Kg8 33. Qxa5 Qc6+ 34. Kg1 Qxc2 35. Qd8+ Kh7 36. h4 Qe2 37. Qc7 Qe5 38. Qb6 f4 39. Qb3 Qe1+ 40. Kg2 Qe4+ 41. f3 Qe2+ 42. Kh3 Qf1+ 43. Kg4 fxg3 44. h5 gxh5+ 45. Kxg3 Be5+ 46. f4 Bxf4+ 47. Kh4 Qh1+ 48. Qh3 Bg5+ 0-1

[Event "Wch Rapid (Women)"]
[Site "New York"]
[Date "2024.12.28"]
[Round "10"]
[White "Balajayeva, Khanim Asad Qizi"]
[Black "Song, Yuxin"]
[Result "1-0"]
[WhiteElo "2242"]
[BlackElo "2347"]
[PlyCount "61"]
[EventDate "2024.12.26"]
[EventType "swiss (rapid)"]
[EventRounds "11"]
[EventCountry "USA"]
[SourceTitle "CB01_2025"]
[SourceDate "2025.01.01"]
[SourceVersion "1"]
[SourceVersionDate "2025.01.01"]
[SourceQuality "1"]

1. e4 c5 2. Nf3 d6 3. Bb5+ Bd7 4. Bxd7+ Nxd7 5. 0-0 e6 6. Qe2 Be7 7. d4 cxd4 8. Nxd4 a6 9. c4 Bf6 10. Rd1 Rc8 11. b3 Ne7 12. Bb2 0-0 13. Nd2 Ng6 14. Nf1 Re8 15. Ne3 Qc7 16. g3 Nc5 17. Ng4 Bxd4 18. Rxd4 f5 19. exf5 exf5 20. Ne3 f4 21. gxf4 Ne6 22. f5 Nxd4 23. Bxd4 Ne5 24. Kh1 b5 25. Rg1 Qb7+ 26. Nd5 bxc4 27. Qe4 Kh8 28. f6 gxf6 29. f4 f5 30. fxe5 Qg7 31. e6 1-0

[Event "Wch Rapid (Women)"]
[Site "New York"]
[Date "2024.12.28"]
[Round "11"]
[White "Song, Yuxin"]
[Black "Mamedjarova, Zeinab"]
[Result "1-0"]
[WhiteElo "2347"]
[BlackElo "2194"]
[PlyCount "47"]
[EventDate "2024.12.26"]
[EventType "swiss (rapid)"]
[EventRounds "11"]
[EventCountry "USA"]
[SourceTitle "CB01_2025"]
[SourceDate "2025.01.01"]
[SourceVersion "1"]
[SourceVersionDate "2025.01.01"]
[SourceQuality "1"]

1. e4 d5 2. exd5 Qxd5 3. Nc3 Qd8 4. d4 Nf6 5. Nf3 Bg4 6. h3 Bxf3 7. Qxf3 c6 8. Be3 e6 9. a3 Qa5 10. Bd2 Nbd7 11. Bc4 Qc7 12. 0-0-0 0-0-0 13. g4 Nb6 14. Bb3 Bd6 15. g5 Nfd5 16. Ne2 c5 17. c4 cxd4 18. Kb1 Ne7 19. Nxd4 Nc6 20. Nb5 Qe7 21. Bc3 Rhg8 22. Rxd6 Rxd6 23. Qxf7 Rdd8 24. Nxa7+ 1-0